Comentario simbólico-expositivo al Cantar de los cantares / Samuel Vila, José Pozo

Guardat en:
Dades bibliogràfiques
Autor principal: Vila, Samuel (autor)
Altres autors: I. Pozo, José, coaut. (autor) (autor)
Format: Llibre
Matèries:
Etiquetes: Afegir etiqueta
Sense etiquetes, Sigues el primer a etiquetar aquest registre!

MARC

LEADER 00000nam^a2200000^u^4500
001 000544123
005 20250521000000.0
008 060220s1000^^^^^^^^^^^^r^^^^^000^0^spa^d
009 20260310131320.681
022 |a 847228686X 
035 |a FMI 000013204 
037 |a Acervo Xavier Clavigero 
096 |a 1.2/3/A 
100 |a Vila, Samuel  |e (autor) 
245 1 0 |a Comentario simbólico-expositivo al Cantar de los cantares / Samuel Vila, José Pozo 
264 |a Barcelona : CLIE, 1987 
300 |a 204 p. 
336 |a texto  |b txt  |2 rdacontenido 
337 |a sin mediación  |b n  |2 rdamedio 
338 |a volumen  |b nc  |2 rdasoporte 
649 |a XX 
650 |a COMENTARIOS BIBLICOS 
700 |a I. Pozo, José, coaut.  |e (autor) 
910 |a Fondo Francisco Migoya Covarrubias S.J. 
920 |a Impresos - Libros 
930 |a Fondos Especiales 
905 |a 134 
901 |a SBC12356  |b IT2  |c ESP  |u 20250521 
902 |a https://opac.biblio.iteso.mx/vufind/Record/000544123